[Event "Arber Seniors op 6th"]
[Site "Bayerisch Eisenstein"]
[Date "2018.07.28"]
[Round "1"]
[White "Gerken, Juergen"]
[Black "Goertz, Hans Georg"]
[Result "0-1"]
[WhiteElo "1684"]
[BlackElo "1968"]
[PlyCount "58"]
[EventDate "2018.07.28"]
[EventType "swiss"]
[EventRounds "9"]
[EventCountry "GER"]
[SourceTitle "CBM 185 Extra"]
[Source "ChessBase"]
[SourceDate "2018.07.29"]
[SourceVersion "1"]
[SourceVersionDate "2018.07.29"]
[SourceQuality "1"]

1. d4 Nf6 2. c4 g6 3. Nc3 d5 4. cxd5 Nxd5 5. e4 Nxc3 6. bxc3 Bg7 7. Rb1 0-0 8. Nf3 c5 9. Be2 Nc6 10. d5 Bxc3+ 11. Bd2 Bxd2+ 12. Qxd2 Nb8 13. h4 e6 14. d6 Nc6 15. e5 Qa5 16. Qxa5 Nxa5 17. h5 Bd7 18. hxg6 hxg6 19. Rh2 Kg7 20. Kd2 Rh8 21. Rbh1 Rxh2 22. Rxh2 Rh8 23. Rxh8 Kxh8 24. Ng5 Kg7 25. Ne4 b6 26. Nf6 Ba4 27. Bf3 Nc4+ 28. Kc3 Nxe5 29. Ne8+ Bxe8 0-1

[Event "Bremen-ch op"]
[Site "Bremen"]
[Date "2018.03.29"]
[Round "7"]
[White "Schmid, Wilfried"]
[Black "Gerken, Juergen"]
[Result "1/2-1/2"]
[WhiteElo "1777"]
[BlackElo "1668"]
[PlyCount "54"]
[EventDate "2018.03.24"]
[EventType "swiss"]
[EventRounds "9"]
[EventCountry "GER"]
[SourceTitle "EXT 2019"]
[Source "ChessBase"]
[SourceDate "2018.10.10"]
[SourceVersion "1"]
[SourceVersionDate "2018.10.10"]
[SourceQuality "1"]

1. e4 d5 2. exd5 Qxd5 3. Nc3 Qa5 4. d4 c6 5. Nf3 Bf5 6. Bc4 e6 7. Bd2 Nd7 8. 0-0 Ngf6 9. Re1 Qc7 10. a4 Nb6 11. Bb3 Bd6 12. h3 h6 13. Qe2 0-0 14. Rad1 Rfe8 15. Ne5 Nbd5 16. Qf3 Nxc3 17. Bxc3 Nd5 18. Bd2 a5 19. c4 Nb4 20. Bc3 Rad8 21. d5 cxd5 22. cxd5 Bc2 23. Bxc2 Nxc2 24. Re2 Nb4 25. dxe6 Rxe6 26. Rde1 Rde8 27. Ng4 Rxe2 1/2-1/2

[Event "Bremen-ch op"]
[Site "Bremen"]
[Date "2018.03.26"]
[Round "4"]
[White "Viet, Silas"]
[Black "Gerken, Juergen"]
[Result "1-0"]
[WhiteElo "1478"]
[BlackElo "1668"]
[PlyCount "59"]
[EventDate "2018.03.24"]
[EventType "swiss"]
[EventRounds "9"]
[EventCountry "GER"]
[SourceTitle "EXT 2019"]
[Source "ChessBase"]
[SourceDate "2018.10.10"]
[SourceVersion "1"]
[SourceVersionDate "2018.10.10"]
[SourceQuality "1"]

1. d4 d5 2. Bf4 Nf6 3. Nf3 c5 4. e3 Nc6 5. Nc3 Bf5 6. Bd3 Bxd3 7. Qxd3 c4 8. Qe2 e6 9. 0-0 a6 10. a4 Be7 11. b3 Qa5 12. Nb1 cxb3 13. cxb3 0-0 14. Rc1 Rfc8 15. Nbd2 Nb4 16. Nf1 Ne4 17. Ng3 g5 18. Nxg5 Nxg5 19. Bxg5 Bxg5 20. Qg4 h6 21. Rxc8+ Rxc8 22. h4 Nd3 23. hxg5 Nxf2 24. Kxf2 Rc2+ 25. Ne2 hxg5 26. Rh1 Qd8 27. Rh5 Qf6+ 28. Kg1 Kf8 29. Rxg5 Rxe2 30. Rg8+ 1-0

[Event "Bremen-ch op"]
[Site "Bremen"]
[Date "2016.03.20"]
[Round "2"]
[White "Gerken, Juergen"]
[Black "Schubert, Karl Heinz"]
[Result "1-0"]
[WhiteElo "1630"]
[BlackElo "1027"]
[PlyCount "55"]
[EventDate "2016.03.19"]
[EventType "swiss"]
[EventRounds "9"]
[EventCountry "GER"]
[SourceTitle "EXT 2018"]
[Source "ChessBase"]
[SourceDate "2017.10.13"]
[SourceVersion "1"]
[SourceVersionDate "2017.10.13"]
[SourceQuality "1"]

1. d4 b6 2. c4 Bb7 3. Nf3 d6 4. Nc3 Nf6 5. d5 e6 6. e4 Nbd7 7. Qc2 Be7 8. Be2 Nc5 9. b4 Ncd7 10. 0-0 0-0 11. dxe6 fxe6 12. Ng5 e5 13. Ne6 Qe8 14. Nxf8 Nxf8 15. f3 c6 16. Rd1 Rd8 17. Be3 d5 18. cxd5 cxd5 19. exd5 Bxb4 20. d6 Rc8 21. Qb3+ Ne6 22. Qxb4 a5 23. Qb3 e4 24. f4 Rd8 25. f5 Bc8 26. fxe6 Bxe6 27. Bc4 Ng4 28. Bxe6+ 1-0

[Event "Bremen-ch op"]
[Site "Bremen"]
[Date "2016.03.20"]
[Round "3"]
[White "Sausmikat, Armin"]
[Black "Gerken, Juergen"]
[Result "1/2-1/2"]
[WhiteElo "1879"]
[BlackElo "1630"]
[PlyCount "73"]
[EventDate "2016.03.19"]
[EventType "swiss"]
[EventRounds "9"]
[EventCountry "GER"]
[SourceTitle "EXT 2018"]
[Source "ChessBase"]
[SourceDate "2017.10.13"]
[SourceVersion "1"]
[SourceVersionDate "2017.10.13"]
[SourceQuality "1"]

1. e4 d5 2. exd5 Qxd5 3. Nc3 Qa5 4. d4 c6 5. Bc4 Bf5 6. Nf3 e6 7. 0-0 Nf6 8. Bf4 Nbd7 9. a3 Be7 10. b4 Qd8 11. h3 h6 12. Re1 0-0 13. Qd2 Nd5 14. Nxd5 cxd5 15. Bb3 Rc8 16. Rac1 b5 17. Qe2 Bf6 18. Qxb5 Nb6 19. Qe2 Nc4 20. Bxc4 Rxc4 21. c3 Qc8 22. Qb2 Kh7 23. Bd6 Rg8 24. Bc5 Bg5 25. Nxg5+ hxg5 26. g4 Be4 27. Qe2 Qc7 28. Qe3 Kg6 29. Rf1 Rh8 30. f4 f5 31. gxf5+ Bxf5 32. Qg3 Rh5 33. h4 g4 34. Rf2 Kh7 35. Rh2 Kg8 36. Qf2 Rh6 37. Qg3 1/2-1/2

[Event "Bremen-ch op"]
[Site "Bremen"]
[Date "2015.04.03"]
[Round "8"]
[White "Gerken, Juergen"]
[Black "Jantzen, Ludwig"]
[Result "1-0"]
[WhiteElo "1599"]
[BlackElo "1965"]
[PlyCount "47"]
[EventDate "2015.03.28"]
[EventType "swiss"]
[EventRounds "9"]
[EventCountry "GER"]
[SourceTitle "EXT 2018"]
[Source "ChessBase"]
[SourceDate "2017.10.13"]
[SourceVersion "1"]
[SourceVersionDate "2017.10.13"]
[SourceQuality "1"]

1. d4 d5 2. c4 e6 3. Nc3 c5 4. cxd5 exd5 5. Nf3 Nc6 6. g3 Nf6 7. Bg2 Be6 8. 0-0 Be7 9. dxc5 d4 10. Nb5 Bxc5 11. Bf4 Rc8 12. Rc1 Be7 13. Nfxd4 Nxd4 14. Rxc8 Qxc8 15. Nc7+ Kf8 16. Qxd4 Ne8 17. Nxe6+ Qxe6 18. Qxa7 g5 19. Be3 h5 20. Qxb7 Nd6 21. Qa8+ Kg7 22. Bd4+ f6 23. Qd5 Qxe2 24. Qxg5+ 1-0

[Event "Bremen-ch op"]
[Site "Bremen"]
[Date "2015.04.02"]
[Round "7"]
[White "Klemm, Robert"]
[Black "Gerken, Juergen"]
[Result "1/2-1/2"]
[WhiteElo "1860"]
[BlackElo "1599"]
[PlyCount "69"]
[EventDate "2015.03.28"]
[EventType "swiss"]
[EventRounds "9"]
[EventCountry "GER"]
[SourceTitle "EXT 2018"]
[Source "ChessBase"]
[SourceDate "2017.10.13"]
[SourceVersion "1"]
[SourceVersionDate "2017.10.13"]
[SourceQuality "1"]

1. d4 d5 2. Nf3 Nf6 3. c4 c6 4. Nc3 dxc4 5. a4 Bf5 6. e3 e6 7. Bxc4 Nbd7 8. 0-0 h6 9. Re1 Bb4 10. Qb3 a5 11. Nd2 0-0 12. e4 Bh7 13. f3 Qb6 14. Ne2 Rae8 15. Kh1 e5 16. dxe5 Rxe5 17. Rd1 Rh5 18. Ng3 Rh4 19. Ndf1 Qc7 20. Be3 Bc5 21. Rd2 Bxe3 22. Qxe3 Nh5 23. Nxh5 Rxh5 24. Rad1 Nb6 25. Bb3 Re8 26. Rd6 Nd5 27. Bxd5 Rxd5 28. R1xd5 cxd5 29. Rxd5 Qc4 30. Qd3 Qxd3 31. Rxd3 f5 32. Nd2 fxe4 33. Re3 Rd8 34. Nf1 exf3 35. Rxf3 1/2-1/2

[Event "Bremen-ch op"]
[Site "Bremen"]
[Date "2015.03.30"]
[Round "4"]
[White "Gerken, Juergen"]
[Black "Kuenitz, Bernhard"]
[Result "0-1"]
[WhiteElo "1599"]
[BlackElo "1900"]
[PlyCount "48"]
[EventDate "2015.03.28"]
[EventType "swiss"]
[EventRounds "9"]
[EventCountry "GER"]
[SourceTitle "EXT 2018"]
[Source "ChessBase"]
[SourceDate "2017.10.13"]
[SourceVersion "1"]
[SourceVersionDate "2017.10.13"]
[SourceQuality "1"]

1. d4 d5 2. c4 c6 3. Nf3 g6 4. Nc3 Bg7 5. cxd5 cxd5 6. Bf4 Nc6 7. e3 a6 8. h3 Nf6 9. Bd3 0-0 10. a3 b5 11. b4 e6 12. 0-0 Nd7 13. Qb3 Qe7 14. Rac1 Bb7 15. e4 Nxd4 16. Nxd4 Bxd4 17. exd5 exd5 18. Nxd5 Qe6 19. Rfe1 Qxd5 20. Qxd5 Bxd5 21. Be4 Bxe4 22. Rxe4 Bg7 23. Rc7 Nf6 24. Ree7 Nd5 0-1

[Event "Bremen-ch op"]
[Site "Bremen"]
[Date "2012.04.06"]
[Round "8"]
[White "Kohls, Vera"]
[Black "Gerken, Juergen"]
[Result "1-0"]
[WhiteElo "1856"]
[BlackElo "1612"]
[PlyCount "79"]
[EventDate "2012.03.31"]
[EventType "swiss"]
[EventRounds "9"]
[EventCountry "GER"]
[SourceTitle "EXT 2022"]
[Source "ChessBase"]
[SourceDate "2021.10.06"]
[SourceVersion "1"]
[SourceVersionDate "2021.10.06"]
[SourceQuality "1"]

1. d4 d5 2. Nf3 Nf6 3. Bg5 Ne4 4. Bh4 c5 5. e3 Qb6 6. Qc1 Nc6 7. c3 Bf5 8. Nbd2 Nxd2 9. Qxd2 e6 10. Bg3 cxd4 11. exd4 Be7 12. Be2 0-0 13. 0-0 a5 14. a4 h6 15. Rfe1 Rfd8 16. Bd3 Bxd3 17. Qxd3 Bd6 18. Bxd6 Rxd6 19. Qd2 Qa6 20. Qf4 Rd7 21. h4 Qd3 22. g4 Qg6 23. h5 Qf6 24. Qg3 Kh8 25. Kh1 Rg8 26. g5 hxg5 27. Nxg5 Qh6 28. Kg2 Re8 29. Qf4 f6 30. Nxe6 Rde7 31. Qf5 Qh7 32. Qh3 f5 33. Ng5 Qh6 34. Nf7+ Rxf7 35. Rxe8+ Kh7 36. Re3 Nd8 37. Rae1 Rf6 38. Qf3 Ne6 39. Rxe6 Rxe6 40. Qxf5+ 1-0

[Event "Bremen-ch op"]
[Site "Bremen"]
[Date "2012.03.31"]
[Round "1"]
[White "Gerken, Juergen"]
[Black "Jung, Gerald"]
[Result "0-1"]
[WhiteElo "1612"]
[BlackElo "2001"]
[PlyCount "70"]
[EventDate "2012.03.31"]
[EventType "swiss"]
[EventRounds "9"]
[EventCountry "GER"]
[SourceTitle "EXT 2022"]
[Source "ChessBase"]
[SourceDate "2021.10.06"]
[SourceVersion "1"]
[SourceVersionDate "2021.10.06"]
[SourceQuality "1"]

1. d4 Nf6 2. c4 g6 3. Nc3 Bg7 4. Nf3 0-0 5. e4 d6 6. h3 Na6 7. Be3 c6 8. Bd3 Qa5 9. 0-0 Rd8 10. a3 c5 11. Bd2 Qb6 12. Na4 Qc7 13. d5 Bd7 14. Nc3 Qb8 15. Re1 Ne8 16. Rb1 Nac7 17. b4 e5 18. Nh2 Qc8 19. h4 h6 20. g4 b6 21. Be2 f5 22. gxf5 gxf5 23. Kh1 Nf6 24. Rg1 Kh8 25. Rxg7 Kxg7 26. Qg1+ Kh7 27. Bxh6 Rg8 28. Qc1 fxe4 29. Bg5 Ng4 30. Nxe4 Ne8 31. Qc2 Kh8 32. Bxg4 Bxg4 33. Bf6+ Nxf6 34. Nxf6 Bf3+ 35. Nxf3 Qh3+ 0-1

[Event "Bremen-ch op"]
[Site "Delmenhorst"]
[Date "2011.04.23"]
[Round "4"]
[White "Bergmann, Reinhold"]
[Black "Gerken, Juergen"]
[Result "1-0"]
[WhiteElo "1918"]
[BlackElo "1485"]
[PlyCount "49"]
[EventDate "2011.04.16"]
[EventType "swiss"]
[EventRounds "9"]
[EventCountry "GER"]
[SourceTitle "EXT 2012"]
[Source "ChessBase"]
[SourceDate "2011.11.24"]
[SourceVersion "1"]
[SourceVersionDate "2011.11.24"]
[SourceQuality "1"]

1. d4 d5 2. c4 c6 3. Nc3 Nf6 4. Nf3 dxc4 5. a4 Bf5 6. e3 e6 7. Bxc4 Nbd7 8. 0-0 Bb4 9. Qe2 Bxc3 10. bxc3 0-0 11. h3 h6 12. Rd1 Qc7 13. Bd3 Rfe8 14. e4 Bh7 15. e5 Bxd3 16. Rxd3 Nd5 17. Nh4 Kh7 18. Qe4+ g6 19. Rg3 f5 20. exf6 N7xf6 21. Qxg6+ Kh8 22. Qxh6+ Qh7 23. Ng6+ Kg8 24. Ne5+ Kh8 25. Nf7# 1-0

[Event "Bremen-ch op"]
[Site "Delmenhorst"]
[Date "2011.04.17"]
[Round "2"]
[White "Hedke, Manfred"]
[Black "Gerken, Juergen"]
[Result "1-0"]
[WhiteElo "1724"]
[BlackElo "1485"]
[PlyCount "87"]
[EventDate "2011.04.16"]
[EventType "swiss"]
[EventRounds "9"]
[EventCountry "GER"]
[SourceTitle "EXT 2012"]
[Source "ChessBase"]
[SourceDate "2011.11.24"]
[SourceVersion "1"]
[SourceVersionDate "2011.11.24"]
[SourceQuality "1"]

1. e4 d5 2. exd5 Qxd5 3. Nc3 Qa5 4. d4 c6 5. Bd2 Bf5 6. Nf3 e6 7. Be2 Nd7 8. 0-0 Ngf6 9. Qc1 Qc7 10. Re1 Bd6 11. h3 h6 12. Bc4 0-0 13. Bb3 Rfe8 14. a4 a5 15. Be3 Nd5 16. Nxd5 cxd5 17. c4 Bb4 18. Nd2 dxc4 19. Rd1 Bxd2 20. Rxd2 Rec8 21. Bc2 Bxc2 22. Rxc2 Nb6 23. Ra3 Qd7 24. Bxh6 Kh7 25. Be3 Rc6 26. Qb1 g6 27. Qd1 e5 28. Rd2 Rd6 29. dxe5 Rxd2 30. Qxd2 Qxd2 31. Bxd2 Nd5 32. Rf3 Kg7 33. b3 cxb3 34. Rxb3 b6 35. Rd3 Nc7 36. Rd7 Ne6 37. Rb7 Rd8 38. Be3 Nc5 39. Rxb6 Nxa4 40. Rb5 Rd1+ 41. Kh2 Re1 42. Rxa5 Nb2 43. Bf4 Nd3 44. Bg3 1-0

[Event "Bremen-ch op"]
[Site "Delmenhorst"]
[Date "2011.04.16"]
[Round "1"]
[White "Gerken, Juergen"]
[Black "Sobotzki, Michael"]
[Result "0-1"]
[WhiteElo "1485"]
[BlackElo "1911"]
[PlyCount "72"]
[EventDate "2011.04.16"]
[EventType "swiss"]
[EventRounds "9"]
[EventCountry "GER"]
[SourceTitle "EXT 2012"]
[Source "ChessBase"]
[SourceDate "2011.11.24"]
[SourceVersion "1"]
[SourceVersionDate "2011.11.24"]
[SourceQuality "1"]

1. d4 Nf6 2. c4 e6 3. Nf3 b6 4. a3 Bb7 5. Nc3 d6 6. d5 Nbd7 7. e4 Be7 8. Be2 Nc5 9. Qc2 a5 10. 0-0 0-0 11. h3 e5 12. Be3 Ncd7 13. Nd2 Ne8 14. f4 exf4 15. Bxf4 Bg5 16. Qd3 Ne5 17. Qg3 Bh4 18. Qe3 Ng6 19. Nf3 Nxf4 20. Qxf4 Bf6 21. e5 dxe5 22. Nxe5 Qe7 23. Nxf7 Rxf7 24. Bg4 Bc8 25. Rae1 Qc5+ 26. Kh1 Bxg4 27. Qxg4 Qf8 28. Ne4 Nd6 29. b3 Nxe4 30. Rxe4 Re8 31. Re6 Rxe6 32. Qxe6 Qe7 33. Rd1 Qxe6 34. dxe6 Rf8 35. Rd7 Re8 36. Rxc7 Rxe6 0-1

[Event "Niedersachsen-ch op"]
[Site "Verden"]
[Date "2007.01.05"]
[Round "5"]
[White "Gerken, Juergen"]
[Black "Beyer, Kraft Jr"]
[Result "1/2-1/2"]
[WhiteElo "1572"]
[BlackElo "1132"]
[PlyCount "66"]
[EventDate "2007.01.04"]
[EventType "swiss"]
[EventRounds "7"]
[EventCountry "GER"]
[SourceTitle "EXT 2021"]
[Source "ChessBase"]
[SourceDate "2020.10.23"]
[SourceVersion "1"]
[SourceVersionDate "2020.10.23"]
[SourceQuality "1"]

1. d4 d5 2. c4 e6 3. Nc3 Nc6 4. Nf3 b6 5. cxd5 exd5 6. Qa4 Bd7 7. Qb3 Be6 8. Bf4 Nge7 9. e3 Qd7 10. Bb5 0-0-0 11. Ne5 Qe8 12. Qa4 Kb7 13. Qa6+ Kb8 14. Qa4 Kb7 15. Rc1 f6 16. Nxc6 Nxc6 17. 0-0 Bd6 18. Ne2 Bd7 19. Bxd6 cxd6 20. Rc3 Rc8 21. Rfc1 a5 22. Nf4 Rg8 23. Nxd5 Rf8 24. Nf4 g5 25. Ne2 d5 26. Ng3 Rc7 27. Bxc6+ Rxc6 28. Rxc6 Bxc6 29. Qc2 Qd7 30. Qf5 Qxf5 31. Nxf5 Bd7 32. Nd6+ Kb8 33. h3 f5 1/2-1/2